<?xml version="1.0" encoding="UTF-8"?><?xml-stylesheet type="text/xsl" href="static/style.xsl"?><OAI-PMH xmlns="http://www.openarchives.org/OAI/2.0/" xmlns:xsi="http://www.w3.org/2001/XMLSchema-instance" xsi:schemaLocation="http://www.openarchives.org/OAI/2.0/ http://www.openarchives.org/OAI/2.0/OAI-PMH.xsd"><responseDate>2026-04-26T21:56:46Z</responseDate><request verb="GetRecord" identifier="oai:uvadoc.uva.es:10324/76105" metadataPrefix="marc">https://uvadoc.uva.es/oai/request</request><GetRecord><record><header><identifier>oai:uvadoc.uva.es:10324/76105</identifier><datestamp>2025-07-07T08:02:49Z</datestamp><setSpec>com_10324_38</setSpec><setSpec>col_10324_787</setSpec></header><metadata><record xmlns="http://www.loc.gov/MARC21/slim" xmlns:doc="http://www.lyncode.com/xoai" xmlns:xsi="http://www.w3.org/2001/XMLSchema-instance" xmlns:dcterms="http://purl.org/dc/terms/" xsi:schemaLocation="http://www.loc.gov/MARC21/slim http://www.loc.gov/standards/marcxml/schema/MARC21slim.xsd">
<leader>00925njm 22002777a 4500</leader>
<datafield tag="042" ind1=" " ind2=" ">
<subfield code="a">dc</subfield>
</datafield>
<datafield tag="720" ind1=" " ind2=" ">
<subfield code="a">Martín Gordo, Lucía</subfield>
<subfield code="e">author</subfield>
</datafield>
<datafield tag="260" ind1=" " ind2=" ">
<subfield code="c">2025</subfield>
</datafield>
<datafield tag="520" ind1=" " ind2=" ">
<subfield code="a">El presente dictamen jurídico tiene como objetivo la calificación penal de los hechos enmarcados en un caso concreto. El acusado, Jaime, es señalado&#xd;
como autor de un delito continuado de robo con fuerza en las cosas y atentado a la autoridad.&#xd;
Con este análisis jurídico se pretende analizar los diferentes delitos aplicados al caso concreto, identificando el tipo delictivo, la conducta sancionada y las&#xd;
consecuencias jurídicas derivadas de los mismos, además de ofrecer un breve resumen del proceso penal ante el que nos encontramos.&#xd;
Para lograr este análisis han sido consultadas diversas fuentes, entre las que se incluyen comentarios al Código Penal, manuales especializados en la&#xd;
materia y un análisis jurisprudencial de sentencias relevantes y aplicables al caso concreto.</subfield>
</datafield>
<datafield tag="024" ind2=" " ind1="8">
<subfield code="a">https://uvadoc.uva.es/handle/10324/76105</subfield>
</datafield>
<datafield tag="245" ind1="0" ind2="0">
<subfield code="a">Dictamen jurídico sobre los delitos de robo con fuerza en las cosas y atentado a la autoridad</subfield>
</datafield>
</record></metadata></record></GetRecord></OAI-PMH>